000 00294nam a22000857a 4500
082 _a355
245 _aSSC कांस्‍टेेबल ( GD ) (पुरूष / महिला ) भर्ती परीक्षा 2023
260 _aAgra
_bAgrawal Publication
_c2023
942 _cC. BOOKS
999 _c66473
_d66473